Statistiques concernant Anagramme

Cliquez ici pour prendre le quiz!

Statistiques générales

  • Ce quiz a été pris 228 fois
  • Le résultat moyen est 11 sur 15

Statistiques - réponses

AilusionRéponse% Correct
ZNEnez
99%
RVIIRÈErivière
95%
HICENchien
93%
LEPUOpoule
93%
LLAGEIVvillage
89%
MNAAMmaman
85%
VOINLOviolon
82%
TPHALEBAalphabet
79%
EIRNEreine
75%
OATUauto
70%
RPEETprete
69%
CÉLEOécole
58%
RTINAtrain
46%
PICOLEpolice
32%
ÉRGRAEOAaérogare
10%

Distribution des résultats

Percentile par nombre de réponses

% des personnes avec chaque résultat

Votre développement - résultats

Vous n’avez pas pris ce quiz